LEADER 00912nam0-2200325---450 001 990005644440403321 005 20241205115850.0 035 $a000564444 035 $aFED01000564444 035 $a(Aleph)000564444FED01 035 $a000564444 100 $a19990604d1950----km-y0itay50------ba 101 0 $aita 102 $aIT 105 $ay---r---001cy 200 1 $aMetafisica della persona e altri saggi$fLuigi Stefanini 210 $aPadova$cEditoria Liviana$d1950 215 $a98 p.$d21 cm 225 1 $aGuide di cultura contemporanea 610 0 $aPersona$aMetafisica 676 $a110 676 $a128 700 1$aStefanini,$bLuigi$f<1891-1956>$0160084 801 0$aIT$bUNINA$gREICAT$2UNIMARC 901 $aBK 912 $a990005644440403321 952 $a110 STEL 002$bIST.ST.FIL. 654$fFLFBC 959 $aFLFBC 996 $aMetafisica della persona e altri saggi$9605942 997 $aUNINA